000 00688nam a2200217Ii 4500
003 JO-AjNU
008 230605s9999||||xx |||||||||||||| ||und||
017 _a2002/7/1771
040 _aJO-AjNU
_bara
_erda
_cJO-AjNU
041 _aara
050 1 4 _aPJ7552.H8422 2002
100 3 _aالهليس، عمرو سعيد,
_eauthor
_952115
245 0 0 _aشعر الوقائع في القرن الثاني الهجري
250 _aط1
264 3 1 _aعمان: وزارة الثقافة، 2002
300 _a297ص
336 _atext
_btxt
_2rdacontent
337 _aunmediated
_bn
_2rdamedia
338 _avolume
_bnc
_2rdacarrier
650 4 _aالشعر العربي - المعارك
_952116
999 _aA23066
_c26634
_d26634